000
00339nam a2200133Ia 4500
008
190723s9999 xx 000 0 und d
020
_a
978-0-19-956707-2
100
_a
Susan Ratcliffe
245
0
_a
Concise Oxford Dictionary of Qoutations
250
_a
6th
260
_a
New York
_b
Oxford Uni Press
_c
2011
300
_a
584.:p
942
_c
BK
999
_c
1721
_d
1721